000
00284nam a2200109Ia 4500
008
220204s9999 xx 000 0 und d
082
_a
002
_b
CAL
100
_a
Calderhead, P
245
0
_a
Libraries for professional practice
260
_a
London
_b
Architectural press
_c
1972
942
_c
BK
999
_c
27097
_d
27097